BIBLIOTECA PODER JUDICIAL
Portal Judicial TDF

Ley 27.786 y estándares de participación en asociaciones mafiosas. Un análisis a la luz de la normativa y jurisprudencia italiana / (Registro nro. 5593)

000 -LEADER
fixed length control field 01383nab a22002417a 4500
003 - CONTROL NUMBER IDENTIFIER
control field OSt
005 - DATE AND TIME OF LATEST TRANSACTION
control field 20251219175537.0
008 - FIXED-LENGTH DATA ELEMENTS--GENERAL INFORMATION
fixed length control field 190429b xxu||||| |||| 00| 0 spa d
040 ## - CATALOGING SOURCE
Transcribing agency PJ
100 ## - MAIN ENTRY--PERSONAL NAME
9 (RLIN) 6572
Personal name Elías, Juan Ignacio
245 10 - TITLE STATEMENT
Title Ley 27.786 y estándares de participación en asociaciones mafiosas. Un análisis a la luz de la normativa y jurisprudencia italiana /
Statement of responsibility, etc Juan Ignacio Elías .
260 ## - PUBLICATION, DISTRIBUTION, ETC. (IMPRINT)
Date of publication, distribution, etc Ciudad Autónoma de Buenos Aires :
Place of publication, distribution, etc Thomson Reuters La Ley,
Name of publisher, distributor, etc 2025.
300 ## - PHYSICAL DESCRIPTION
Extent p. 5-16
500 ## - GENERAL NOTE
General note Cita: TR LALEY AR/DOC/2849/2025.
505 ## - FORMATTED CONTENTS NOTE
Formatted contents note Sumario: I. Introducción.— II. Mafia ¿ Crimen organizado.— III. La reforma penal argentina (ley 27.786).— IV. La asociación mafiosa en el Cód. Penal italiano.— V. Derecho penal de la emergencia y garantismo: la crítica de Ferrajoli.— VI. El standard de participación elaborado en la jurisprudencia italiana.— VII. Consideraciones finales.
505 ## - FORMATTED CONTENTS NOTE
Title Si te interesa el texto completo, solicitalo a koha@justierradelfuego.gov.ar
650 #0 - SUBJECT ADDED ENTRY--TOPICAL TERM
9 (RLIN) 343
Topical term or geographic name as entry element DERECHO PENAL
650 #0 - SUBJECT ADDED ENTRY--TOPICAL TERM
9 (RLIN) 2758
Topical term or geographic name as entry element ASOCIACIÓN ILÍCITA
650 #0 - SUBJECT ADDED ENTRY--TOPICAL TERM
9 (RLIN) 615
Topical term or geographic name as entry element DERECHOS Y GARANTIAS CONSTITUCIONALES
650 #0 - SUBJECT ADDED ENTRY--TOPICAL TERM
9 (RLIN) 180
Topical term or geographic name as entry element DEBIDO PROCESO
773 0# - HOST ITEM ENTRY
Host Biblionumber 2658
Host Itemnumber 3164
Title Revista de derecho penal y criminología. Nº 11 - Diciembre 2025
Place, publisher, and date of publication Ciudad Autónoma de Buenos Aires : Thomson Reuters La Ley, 2017-
International Standard Serial Number 00347914
942 ## - ADDED ENTRY ELEMENTS (KOHA)
Source of classification or shelving scheme
Koha item type Analítica Artículo de Revista

No hay ítems disponibles.

12 de Octubre 789 Ushuaia - Tel:  54(02901)441571
Horario de Atención: 8.00 a 17.00 hs. 
bibliotecaush@justierradelfuego.gov.ar
koha@justierradelfuego.gov.ar
Seguinos en nuestras redes @bibliojustdf 

Con tecnología Koha